[Event "Bad Godesberg op 17th"]
[Site "Bad Godesberg"]
[Date "2013.08.06"]
[Round "4"]
[White "Wahl, Hedi"]
[Black "Gerhards, Bernd"]
[Result "0-1"]
[WhiteElo "1557"]
[BlackElo "1804"]
[PlyCount "61"]
[EventDate "2013.08.03"]
[EventType "swiss"]
[EventRounds "9"]
[EventCountry "GER"]
[SourceTitle "CBM 155 Extra"]
[Source "ChessBase"]
[SourceDate "2013.08.26"]
[SourceVersion "1"]
[SourceVersionDate "2013.08.26"]
[SourceQuality "1"]

1. e4 c5 2. Nf3 Nc6 3. c3 Nf6 4. Qc2 g6 5. d4 cxd4 6. cxd4 d5 7. e5 Ne4 8. Nc3 Qa5 9. Bd2 Nxd2 10. Qxd2 a6 11. Be2 Bg7 12. 0-0 0-0 13. a3 Qd8 14. b4 f6 15. b5 axb5 16. Bxb5 Bg4 17. Bxc6 bxc6 18. Qf4 Bxf3 19. Qxf3 fxe5 20. Qg4 exd4 21. Nb1 Qd6 22. Ra2 e5 23. Qg3 c5 24. Re2 Rac8 25. Rfe1 Qf6 26. Nd2 c4 27. Nf3 e4 28. Ng5 Qf4 29. Nh3 Qxg3 30. hxg3 d3 31. Re3 0-1

[Event "Bad Bertrich Seniors op 17th"]
[Site "Bad Bertrich"]
[Date "2009.12.11"]
[Round "8"]
[White "Thonig, Manfred"]
[Black "Wahl, Hedi"]
[Result "0-1"]
[WhiteElo "1510"]
[BlackElo "1305"]
[PlyCount "140"]
[EventDate "2009.12.04"]
[EventType "swiss"]
[EventRounds "9"]
[EventCountry "GER"]
[SourceTitle "EXT 2022"]
[Source "ChessBase"]
[SourceDate "2021.10.06"]
[SourceVersion "1"]
[SourceVersionDate "2021.10.06"]
[SourceQuality "1"]

1. d4 g6 2. Nf3 Bg7 3. c4 d6 4. Nc3 b6 5. e4 Nd7 6. Be3 Ngf6 7. h3 0-0 8. Bd3 e5 9. Qd2 Bb7 10. d5 Nc5 11. Bc2 c6 12. b4 Na6 13. dxc6 Bc8 14. b5 Nc7 15. 0-0 Be6 16. Qe2 Qe7 17. Ng5 Bc8 18. a4 Rb8 19. a5 h6 20. Nf3 Nh5 21. Qd2 g5 22. axb6 axb6 23. Na4 Na8 24. Nxg5 hxg5 25. Bxg5 Qe6 26. Nb2 Qg6 27. Kh1 Nf6 28. Bxf6 Qxf6 29. Ra3 Rd8 30. Rf3 Qe7 31. Ra1 Be6 32. Raa3 Nc7 33. Qe3 Qf8 34. Ra7 Qe7 35. Rg3 f6 36. h4 Kf7 37. Bd1 Rh8 38. h5 Bh6 39. Qf3 Rbg8 40. Rxg8 Rxg8 41. Qa3 Qd8 42. Rb7 Ke8 43. Qa7 Rg7 44. Rb8 Bc8 45. Qxb6 Ne6 46. Qa6 Bxa6 47. Rxd8+ Kxd8 48. bxa6 Ra7 49. Bg4 Nc5 50. Nd1 Rxa6 51. Nc3 Rxc6 52. f3 Rb6 53. Nb5 Nd3 54. Kh2 Nf2 55. Be6 Ke7 56. Bd5 Ra6 57. g3 Ra2 58. c5 Rc2 59. cxd6+ Kd7 60. Bb3 Rc1 61. Ba4 Ra1 62. Bb3 Ra5 63. Bc4 Nd1 64. Kh3 Nb2 65. Be2 Ra8 66. Kg4 Rg8+ 67. Kf5 Rxg3 68. Kxf6 Bg7+ 69. Kf5 Rg2 70. Nc3 Kxd6 0-1

[Event "Hessen-ch Seniors op 05th"]
[Site "Bad Sooden-Allendorf"]
[Date "2009.04.28"]
[Round "4"]
[White "Wahl, Hedi"]
[Black "Narr, Irmgard"]
[Result "0-1"]
[WhiteElo "1289"]
[BlackElo "1497"]
[PlyCount "118"]
[EventDate "2009.04.25"]
[EventType "swiss"]
[EventRounds "9"]
[EventCountry "GER"]
[SourceTitle "EXT 2022"]
[Source "ChessBase"]
[SourceDate "2021.10.06"]
[SourceVersion "1"]
[SourceVersionDate "2021.10.06"]
[SourceQuality "1"]

1. e4 e6 2. d4 b6 3. Nc3 Bb4 4. Nge2 Bb7 5. a3 Be7 6. Ng3 d6 7. Be2 Nd7 8. 0-0 Ngf6 9. Bf3 0-0 10. Re1 e5 11. d5 c6 12. b4 cxd5 13. Nxd5 Nxd5 14. exd5 Nf6 15. Nf5 Rc8 16. Nxe7+ Qxe7 17. Bg5 h6 18. Bxf6 Qxf6 19. Rc1 Rc3 20. Re3 Rc7 21. c4 Rfc8 22. Rec3 Qf4 23. Qd3 f5 24. Qe3 Qh4 25. g3 Qf6 26. b5 Rf8 27. Bg2 Bc8 28. Rf1 f4 29. Qd3 Bf5 30. Be4 Bh3 31. Bg2 Bxg2 32. Kxg2 Qg5 33. Qe4 Rcf7 34. Rf3 h5 35. h3 fxg3 36. fxg3 Rxf3 37. Rxf3 Qd2+ 38. Kf1 Qc1+ 39. Kf2 Rxf3+ 40. Qxf3 Qxc4 41. Qxh5 Qd4+ 42. Ke2 Qc4+ 43. Kf2 Qxb5 44. Qf3 Qb2+ 45. Ke1 Qb1+ 46. Kd2 Qb2+ 47. Ke1 a5 48. Qd3 a4 49. Qa6 Qc3+ 50. Kf2 Qd4+ 51. Ke2 Kh7 52. Qb7 e4 53. Qf7 Qd3+ 54. Ke1 Qxg3+ 55. Ke2 Qxh3 56. Qe6 Qf3+ 57. Ke1 e3 58. Qxd6 Qf2+ 59. Kd1 Qd2# 0-1

[Event "Hessen-ch Seniors op 05th"]
[Site "Bad Sooden-Allendorf"]
[Date "2009.04.27"]
[Round "3"]
[White "Wahl, Hedi"]
[Black "Pastowski, Werner"]
[Result "0-1"]
[WhiteElo "1289"]
[BlackElo "1555"]
[PlyCount "111"]
[EventDate "2009.04.25"]
[EventType "swiss"]
[EventRounds "9"]
[EventCountry "GER"]
[SourceTitle "EXT 2022"]
[Source "ChessBase"]
[SourceDate "2021.10.06"]
[SourceVersion "1"]
[SourceVersionDate "2021.10.06"]
[SourceQuality "1"]

1. e4 e5 2. Nf3 Nc6 3. Bc4 Bc5 4. 0-0 Nf6 5. Re1 d6 6. h3 h6 7. c3 a6 8. b4 Ba7 9. Bb2 b5 10. Bb3 0-0 11. d4 exd4 12. Nxd4 Bb7 13. Nxc6 Bxc6 14. Nd2 Re8 15. Bc2 Qb8 16. Kf1 Qb6 17. Re2 Re7 18. Qe1 Rae8 19. Bd3 Qb7 20. f3 Qb6 21. Qf2 Qxf2+ 22. Rxf2 Bxf2 23. Kxf2 d5 24. exd5 Bxd5 25. c4 Bxc4 26. Nxc4 bxc4 27. Bxc4 a5 28. bxa5 c6 29. Rc1 Nd5 30. Ba3 Re3 31. Bc5 Rc3 32. Rxc3 Nxc3 33. Bd4 Nb5 34. Bb2 Ra8 35. Bxb5 cxb5 36. Bc3 Rc8 37. Bd4 Rc2+ 38. Ke3 Rxa2 39. Bb6 Rxg2 40. a6 Ra2 41. a7 Ra4 42. Kd3 f5 43. Kc3 Kf7 44. Kb3 Ke6 45. Bd4 g6 46. f4 g5 47. fxg5 hxg5 48. Kc3 f4 49. Kd3 Kf5 50. Ke2 b4 51. Kd2 Ke4 52. Bc5 Ra2+ 53. Kc1 b3 54. Bf2 Kd3 55. Be1 Ke2 56. Bd2 0-1

[Event "Alpenpokal op 30th"]
[Site "Tiefenbach"]
[Date "2004.??.??"]
[Round "8"]
[White "Wahl, Hedi"]
[Black "Marek, Herbert"]
[Result "0-1"]
[WhiteElo "1422"]
[BlackElo "1651"]
[PlyCount "102"]
[EventDate "2004.01.08"]
[EventType "swiss"]
[EventRounds "9"]
[EventCountry "GER"]
[SourceTitle "EXT 2006"]
[Source "ChessBase"]
[SourceDate "2005.11.24"]
[SourceVersion "1"]
[SourceVersionDate "2005.11.24"]
[SourceQuality "1"]

1. e4 c5 2. c3 d6 3. d4 Nf6 4. Bd3 Nc6 5. Nf3 Bg4 6. Nbd2 a6 7. Be2 e6 8. 0-0 b5 9. a3 Be7 10. Re1 0-0 11. e5 Nd5 12. Ne4 dxe5 13. Nxe5 Bxe2 14. Qxe2 Nxe5 15. dxe5 c4 16. Rd1 Qc7 17. Nd2 Nf4 18. Qe1 Nd3 19. Qe2 Nxe5 20. Nf3 Nd3 21. Bd2 Rad8 22. Be3 Rd5 23. Rd2 Rfd8 24. Rad1 Bd6 25. g3 Be7 26. Ne1 Nxe1 27. Qxe1 Rd3 28. Qe2 Rxd2 29. Rxd2 Rxd2 30. Qxd2 Qd6 31. Qxd6 Bxd6 32. Kg2 Kf8 33. f4 Ke8 34. Kf3 Kd7 35. Bd4 f6 36. g4 Kc6 37. Ke4 a5 38. h3 Bc5 39. h4 Kd6 40. Bxc5+ Kxc5 41. g5 Kc6 42. Kd4 Kd6 43. Ke4 f5+ 44. Kd4 g6 45. Ke3 Kd5 46. Kf3 e5 47. fxe5 Kxe5 48. Ke3 f4+ 49. Kf3 Kf5 50. Kf2 Kg4 51. Kg2 Kxh4 0-1

[Event "Alpenpokal op 28th"]
[Site "Oberstdorf"]
[Date "2002.??.??"]
[Round "6"]
[White "Wahl, Hedi"]
[Black "Boehm, Karl Heinz"]
[Result "1/2-1/2"]
[WhiteElo "1436"]
[BlackElo "1681"]
[PlyCount "51"]
[EventDate "2002.01.12"]
[EventType "swiss"]
[EventRounds "9"]
[EventCountry "GER"]
[SourceTitle "EXT 2003"]
[Source "ChessBase"]
[SourceDate "2002.11.25"]
[SourceVersion "1"]
[SourceVersionDate "2002.11.25"]
[SourceQuality "1"]

1. e4 c5 2. c3 d6 3. d4 cxd4 4. cxd4 g6 5. Nf3 Bg7 6. Nc3 Nc6 7. Bc4 Nf6 8. Rb1 0-0 9. 0-0 a6 10. a3 b5 11. Ba2 Bd7 12. Re1 Rc8 13. h3 Na5 14. e5 Ne8 15. Bg5 Nc4 16. Nd5 f6 17. exf6 exf6 18. Ne7+ Kh8 19. Nxc8 Bxc8 20. Be3 Bf5 21. Bxc4 Bxb1 22. Bd3 Bxd3 23. Qxd3 Rf7 24. Rc1 Rc7 25. Qd2 Qc8 26. Rxc7 1/2-1/2